|
|
|
|
| LEADER |
01995cas a2200241 a 4500 |
| 001 |
AALejournalIMF004692 |
| 008 |
230101c9999 xx r poo 0 0eng d |
| 020 |
|
|
|c 5.00 USD
|
| 020 |
|
|
|z 9781451865905
|
| 022 |
|
|
|a 1018-5941
|
| 040 |
|
|
|a BD-DhAAL
|c BD-DhAAL
|
| 110 |
2 |
|
|a International Monetary Fund.
|
| 245 |
1 |
0 |
|a Italy-Assessing Competition and Efficiency in the Banking System.
|
| 264 |
|
1 |
|a Washington, D.C. :
|b International Monetary Fund,
|c 2007.
|
| 300 |
|
|
|a 1 online resource (42 pages)
|
| 490 |
1 |
|
|a IMF Working Papers
|
| 500 |
|
|
|a <strong>Off-Campus Access:</strong> No User ID or Password Required
|
| 500 |
|
|
|a <strong>On-Campus Access:</strong> No User ID or Password Required
|
| 506 |
|
|
|a Electronic access restricted to authorized BRAC University faculty, staff and students
|
| 520 |
3 |
|
|a The paper assesses the degree of banking competition and efficiency in Italy?over time as well as compared to that in other countries, such as France, Germany, Spain, the United Kingdom, and the United States. The paper finds competition in the Italian banking sector has intensified in loan and deposit markets in recent years, but banks still operate in a highcost, high-income system, particularly with respect to retail/services, and efficiency gains have yet to fully materialize. The degree of competition falls within the range of estimates for a set of comparator countries. Greater contestability should act as a powerful force to drive banks to become more competitive and efficient. Competition policy will also continue to be an important consideration, both in enforcing Italy's antitrust laws and in ensuring that the procedures for dealing with weak banks and other merger and acquisition reviews focus on stability and competition objectives.
|
| 538 |
|
|
|a Mode of access: Internet
|
| 830 |
|
0 |
|a IMF Working Papers; Working Paper ;
|v No. 2007/026
|
| 856 |
4 |
0 |
|z Full text available on IMF
|u http://elibrary.imf.org/view/journals/001/2007/026/001.2007.issue-026-en.xml
|z IMF e-Library
|